Ambedkarite Literary Theory/ (Record no. 211678)

MARC details
000 -LEADER
fixed length control field 00607nam a2200193 4500
005 - DATE AND TIME OF LATEST TRANSACTION
control field 20250609163559.0
010 ## - LCCN (DPL NO)
LC control number ENG-145222
020 ## - INTERNATIONAL STANDARD BOOK NUMBER
International Standard Book Number 9788194281122
Terms of availability 899.00
035 ## - SYSTEM CONTROL NUMBER
System control number EN-128754
037 ## - SOURCE OF ACQUISITION
Source of stock number/acquisition DBAD
082 ## - DEWEY DECIMAL CLASSIFICATION NUMBER
Classification number 305.568
100 ## - MAIN ENTRY--PERSONAL NAME
Personal name Babar, Ashok
245 ## - TITLE STATEMENT
Title Ambedkarite Literary Theory/
Statement of responsibility, etc Ashok Babar
250 ## - EDITION STATEMENT
Edition statement 1
260 ## - PUBLICATION, DISTRIBUTION, ETC. (IMPRINT)
Place of publication, distribution, etc Pune
Name of publisher, distributor, etc Aarsh Publicattions
Date of publication, distribution, etc 2023
270 ## - ADDRESS
Address 11, Patel Villa, Lane No. 3, Right Bhusari Colony, Paud Road
City Pune
Postal code 411038
Telephone number 9637104293
Electronic mail address aarshpublications@gmail.com
300 ## - PHYSICAL DESCRIPTION
Extent 525p.
Dimensions 22cm.(pb)
942 ## - ADDED ENTRY ELEMENTS (KOHA)
Source of classification or shelving scheme Dewey Decimal Classification
Item type English Books
Classification part 305.568
Call number suffix BAB
Holdings
Withdrawn status Lost status Not for loan Collection code Home library Current library Date acquired Source of acquisition Cost, normal purchase price Full call number Barcode Copy number Cost, replacement price Koha item type
    Not For Loan Non-fiction D.B.Act.Division D.B.Act.Division 09/06/2025 Delivery of Books Act Division 899.00 305.568 BAB EN-128754 1 899.00 English Books

© Delhi Public Library
Hit Counter
free hit counter